<?xml version="1.0" encoding="UTF-8"?>
<record
    xmlns:xsi="http://www.w3.org/2001/XMLSchema-instance"
    xsi:schemaLocation="http://www.loc.gov/MARC21/slim http://www.loc.gov/standards/marcxml/schema/MARC21slim.xsd"
    xmlns="http://www.loc.gov/MARC21/slim">

  <leader>03996nam a22003857a 4500</leader>
  <controlfield tag="003">OSt</controlfield>
  <controlfield tag="005">20260601152353.0</controlfield>
  <controlfield tag="007">a</controlfield>
  <controlfield tag="008">260601b        |||||||| |||| 00| 0 eng d</controlfield>
  <datafield tag="040" ind1=" " ind2=" ">
    <subfield code="a">Foundation University</subfield>
    <subfield code="b">eng</subfield>
    <subfield code="c">Foundation University</subfield>
    <subfield code="d">Foundation University</subfield>
    <subfield code="e">rda</subfield>
  </datafield>
  <datafield tag="050" ind1=" " ind2=" ">
    <subfield code="a">DAFA (Arch-Th) LG 221 D35 A73</subfield>
    <subfield code="b">A5 A73 2014 D53</subfield>
  </datafield>
  <datafield tag="100" ind1=" " ind2=" ">
    <subfield code="a">Dicen, Rhea Mae M.,</subfield>
    <subfield code="e">author.</subfield>
    <subfield code="9">12983</subfield>
  </datafield>
  <datafield tag="245" ind1="0" ind2="0">
    <subfield code="a">Panaghiusa Multipurpose Hall :</subfield>
    <subfield code="b">buniting a displaced community / </subfield>
    <subfield code="c">by Rhea Mae M. Dicen, Leigh Margareth B. Lagrimas, and Daryl L. Suasin.</subfield>
  </datafield>
  <datafield tag="260" ind1=" " ind2=" ">
    <subfield code="a">Dumaguete City :</subfield>
    <subfield code="b">Foundation University ;</subfield>
    <subfield code="c">2014.</subfield>
  </datafield>
  <datafield tag="264" ind1=" " ind2=" ">
    <subfield code="4">2014.</subfield>
  </datafield>
  <datafield tag="300" ind1=" " ind2=" ">
    <subfield code="3">thesis</subfield>
    <subfield code="a">xi, 131 leaves :</subfield>
    <subfield code="b">ill. (some color.) ;</subfield>
    <subfield code="c">22 cm.</subfield>
    <subfield code="f">leaves</subfield>
  </datafield>
  <datafield tag="336" ind1=" " ind2=" ">
    <subfield code="3">rdacontent</subfield>
    <subfield code="a">text</subfield>
    <subfield code="b">txt</subfield>
  </datafield>
  <datafield tag="337" ind1=" " ind2=" ">
    <subfield code="3">rdamedia</subfield>
    <subfield code="a">unmediated</subfield>
    <subfield code="b">n</subfield>
  </datafield>
  <datafield tag="338" ind1=" " ind2=" ">
    <subfield code="2">rdacarrier</subfield>
    <subfield code="3">DAFA-Arch-Th</subfield>
    <subfield code="a">volume</subfield>
    <subfield code="b">nc</subfield>
  </datafield>
  <datafield tag="490" ind1=" " ind2=" ">
    <subfield code="a">DAFA-Arch-Th</subfield>
  </datafield>
  <datafield tag="502" ind1=" " ind2=" ">
    <subfield code="a">Undergraduate thesis (Bachelor of Science in Architecture) -- Foundation University, 2014.</subfield>
  </datafield>
  <datafield tag="504" ind1=" " ind2=" ">
    <subfield code="a">Includes bibliographical references, appendixes and photographs.</subfield>
  </datafield>
  <datafield tag="520" ind1=" " ind2=" ">
    <subfield code="a">ABSTRACT
This thesis shows how the designers helped in molding the lives of the community. It also demonstrates how
Architecture students embody the knowledge and skills acquired in school and how it is applied to improve community
welfare.
The Philippines is a third world country, and one of the main social issues is poverty. Numerous Filipinos lived in a
state of being poor or not having enough money to take care of their basic needs. Because of this problem, affordable
housing programs for low-income families must exist to help these less fortunate people. But the current trend proved that
affordable housing program is not enough to accommodate all Filipinos living in poverty. And the existence of different
programs and organizations for low-income housing are not enough to benefit all Filipinos that are in need because of the
Worsening poverty, increasing urbanization, limited funds, housing maintenance costs etc.
Because of these growing concerns, Architecture students embarked on this noble endeavor to help alleviate or
minimize these social and economic problems, thus the Estudio Damgo was conceptualized. This is an outreach program
to help benefit communities. By establishing partnerships with Dumaguete City government, a feasible multipurpose
building integrating the use of indigenous and local materials and volunteer labor was materialized. It is feasible to build a
functional design addressing the beneficiary's need, wants and vision for the community.
Student architects shared their knowledge to a community and in return, they gained a hands-on design and
construction experience. This exposure to real life project merges academic with professional practice to benefit a chosen
community.
The establishment of Estudio Damgo does not only train the students, but the program teaches sustainability by
using indigenous materials like bamboo. Also the design emphasis is to relate to the context of site and surrounding
buildings which in this case the multipurpose is exploring a combination of vernacular and contemporary architecture. The
building converges with its context and community's "Sweetness of Life".
The thesis project aims to benefit both the student architects and the community.</subfield>
  </datafield>
  <datafield tag="650" ind1=" " ind2=" ">
    <subfield code="a">Community centers</subfield>
    <subfield code="x">Design and construction. </subfield>
    <subfield code="9">12984</subfield>
  </datafield>
  <datafield tag="650" ind1=" " ind2=" ">
    <subfield code="a">Public architecture</subfield>
    <subfield code="z">Philippines. </subfield>
    <subfield code="9">16925</subfield>
  </datafield>
  <datafield tag="650" ind1=" " ind2=" ">
    <subfield code="a">Community development. </subfield>
    <subfield code="9">13585</subfield>
  </datafield>
  <datafield tag="650" ind1=" " ind2=" ">
    <subfield code="a">Disaster relief housing.</subfield>
    <subfield code="9">16926</subfield>
  </datafield>
  <datafield tag="650" ind1=" " ind2=" ">
    <subfield code="a">Sustainable architecture. </subfield>
    <subfield code="9">1901</subfield>
  </datafield>
  <datafield tag="650" ind1=" " ind2=" ">
    <subfield code="a">Architectural design.</subfield>
    <subfield code="9">12776</subfield>
  </datafield>
  <datafield tag="658" ind1=" " ind2=" ">
    <subfield code="a">Specialization 3 (Project Management) :</subfield>
    <subfield code="b">Architecture, Bachelor of Science in ;</subfield>
    <subfield code="c">ARC523.</subfield>
  </datafield>
  <datafield tag="700" ind1=" " ind2=" ">
    <subfield code="a">Lagrimas, Leigh Margareth B.,</subfield>
    <subfield code="e">author.</subfield>
    <subfield code="9">12988</subfield>
  </datafield>
  <datafield tag="700" ind1=" " ind2=" ">
    <subfield code="a">Suasin, Daryl L.,</subfield>
    <subfield code="e">author.</subfield>
    <subfield code="9">12989</subfield>
  </datafield>
  <datafield tag="900" ind1=" " ind2="0">
    <subfield code="4">Sapalara, James O</subfield>
  </datafield>
  <datafield tag="942" ind1=" " ind2=" ">
    <subfield code="2">lcc</subfield>
    <subfield code="c">TH</subfield>
    <subfield code="h">LG 221 D35 A73</subfield>
    <subfield code="i">A5 A73 2014 D53</subfield>
    <subfield code="k">DAFA (Arch-Th)</subfield>
    <subfield code="n">0</subfield>
  </datafield>
  <datafield tag="999" ind1=" " ind2=" ">
    <subfield code="c">6207</subfield>
    <subfield code="d">6207</subfield>
  </datafield>
  <datafield tag="952" ind1=" " ind2=" ">
    <subfield code="0">0</subfield>
    <subfield code="1">0</subfield>
    <subfield code="2">lcc</subfield>
    <subfield code="4">0</subfield>
    <subfield code="7">0</subfield>
    <subfield code="a">FOUNDATION</subfield>
    <subfield code="b">FOUNDATION</subfield>
    <subfield code="c">MAIN-UGThe</subfield>
    <subfield code="d">2026-06-01</subfield>
    <subfield code="e">Donated</subfield>
    <subfield code="l">0</subfield>
    <subfield code="o">DAFA (Arch-Th) LG 221 D35 A73 A5 A73 2014 D53</subfield>
    <subfield code="p">0052026007001</subfield>
    <subfield code="r">2026-06-01 15:22:19</subfield>
    <subfield code="w">2026-06-01</subfield>
    <subfield code="y">TH</subfield>
    <subfield code="k">Arch-Th-2026001</subfield>
  </datafield>
</record>
